| 000 | 01545nam0a2200325 4500 | ||
|---|---|---|---|
| 001 | RU\NLR\b_ik\193514 | ||
| 005 | 20250616231216.0 | ||
| 010 | _a3-930775-67-0 | ||
| 035 | _a(NLR Aleph) 002265945 | ||
| 090 |
_a3883965 _c3883965 |
||
| 100 | _a20120207d1999 |||y0rusy50 ca | ||
| 101 | 0 |
_aeng _arus |
|
| 102 |
_aDE _aRU |
||
| 105 | _aach ||||||||| | ||
| 200 | 1 |
_aWorks, 1960-1998 _dРаботы, 1960-1998 _e[catalogue of the Exhibition, the State Russian museum, St. Petersburg, in the Ludwig museum in the Russian museum, April-May, 1999] _fMichail Grobman _ged. in chief: Evgenija Petrova _gessays: Marc Scheps [et al.] _zrus |
|
| 210 |
_a[Bad Breisig] _cPalace Editions _aSt. Petersburg _cState Russ. museum _dcop. 1999 |
||
| 215 |
_a98 с. _cил., цв. ил., факс., портр. _d30 |
||
| 300 | _aАвт. также на рус. яз.: Михаил Гробман | ||
| 300 | _aТекст на англ. и рус. яз. | ||
| 320 | _aБиблиогр.: с. 97 | ||
| 510 | 1 |
_6z45790 _aРаботы _zrus |
|
| 541 | 0 |
_aМихаил Гробман _eРаботы 1960 - 1998 _zrus |
|
| 600 | 0 | 1 |
_aГробман _bМ.Я. _f1939 _gМихаил Яковлевич _jКаталоги _xВыставки _yСанкт-Петербург, город _z1999 _92096283 _3RU\NLR\AUTH\661571841 |
| 686 | 1 | _aЩ143(2Р=Рус)6-8Гробман.л62 | |
| 700 | 1 |
_aGrobman _bM. _gMichail _4070 |
|
| 790 | 1 |
_6z45510 _aГробман _bМ. _gМихаил _4070 |
|
| 801 | 0 |
_aRU _bNLR _c20120207 _gRCR |
|
| 942 | _cBOOK | ||
| 980 | _aNB | ||